Evaluación del impacto de la explotación forestal en el resguardo indígena Embera del río Chajerado, municipio de Murindó (Registro nro. 2255)

Detalles MARC
000 -CABECERA
Campo de control 00864nam a2200265 a 4500
005 - FECHA Y HORA DE LA ULTIMA TRANSACCION
Campo de control 20160201131823.0
008 - ELEMENTOS DE LONGITUD FIJA—INFORMACION GENERAL
Campo de control 140304b1995 ck ||||| |||| 00| 0 spa d
040 ## - FUENTE DE CATALOGACIÓN
Agencia catalogadora original CO-BoIAVH
Agencia transcriptora CO-BoIAVH
041 ## - IDIOMA
Código de idioma para texto/pista de sonido o título separado Español
044 ## - PAÍS DE PUBLICACIÓN
País de publicación Colombia
090 ## - CLASIFICACIÓN LOCAL
Colección LB
Consecutivo 02079
100 1# - ASIENTO PRINCIPAL--NOMBRE PERSONAL
Nombre personal Herrera, Diego
9 (RLIN) 15162
245 10 - MENCION DE TITULO
Título Evaluación del impacto de la explotación forestal en el resguardo indígena Embera del río Chajerado, municipio de Murindó
260 ## - PUBLICACION, DISTRIBUCION, ETC. (PIE DE IMPRENTA)
Lugar de publicación, distribución, etc. Medellín:
Nombre del editor, distribuidor, etc. Universidad de Antioquia,
Fecha de publicación, distribución, etc. 1995.
300 ## - DESCRIPCION FISICA
Extensión 52 página.
650 1# - ASIENTO SECUNDARIO DE MATERIA - TERMINO TEMATICO
Término temático o nombre geográfico como elemento de entrada Evaluación de impacto ambiental
9 (RLIN) 3619
650 1# - ASIENTO SECUNDARIO DE MATERIA - TERMINO TEMATICO
Término temático o nombre geográfico como elemento de entrada Aprovechamiento forestal
9 (RLIN) 56271
650 1# - ASIENTO SECUNDARIO DE MATERIA - TERMINO TEMATICO
Término temático o nombre geográfico como elemento de entrada Comunidades indígenas
9 (RLIN) 56272
650 ## - ASIENTO SECUNDARIO DE MATERIA - TERMINO TEMATICO
Término temático o nombre geográfico como elemento de entrada Comunidad Embera
9 (RLIN) 10062
650 1# - ASIENTO SECUNDARIO DE MATERIA - TERMINO TEMATICO
Término temático o nombre geográfico como elemento de entrada Cacería
9 (RLIN) 56273
650 1# - ASIENTO SECUNDARIO DE MATERIA - TERMINO TEMATICO
Término temático o nombre geográfico como elemento de entrada Comercio
9 (RLIN) 56274
700 1# - ASIENTO SECUNDARIO - NOMBRE PERSONAL
Nombre personal Gálvez, Aida
9 (RLIN) 15165
700 1# - ASIENTO SECUNDARIO - NOMBRE PERSONAL
Nombre personal Turbay, Sandra
9 (RLIN) 13470
942 ## - ELEMENTOS ADICIONALES (KOHA)
Tipo de ítem Informe Técnico
Sistema de clasificación Local
Existencias
Withdrawn status Lost status Sistema de Clasificación Damaged status No para préstamo Colección Inventariado Ubicación Permanente Ubicación actual Fecha de adquisición Fuente de Valor Total Checkouts Número topográfico Inventario / Código de Barras Date last seen Ejemplar Price effective from Forma de adquisición Tipo de material
    Local     General Inventariado 2017 Bogotá Bogotá 04/05/2001 Hernández,Sarah   LB-02079 002818 04/12/2012 Ej. 1 04/12/2012   Informe Técnico